000 00583nam a22001937a 4500
005 20170823102400.0
010 _aBAC-CH25
020 _a9789382607762
_c225.00
035 _aB-667920
037 _adpl
_bTechniz/Ven
082 _aS
245 _a5 Minute bedtime stories /
260 _aNoida
_bOm Kidz
_c2015 (repr.)
270 _aA 12, Sector 64,
_bNoida
_e201301
300 _a79p.
_c22cm(Hb)
700 _dStevens, Roger
942 _2ddc
_cCH
_mMIN
_hS
999 _c86833
_d86833